| 000 | 00701nam a22002297a 4500 | ||
|---|---|---|---|
| 003 | UA-OsUOA | ||
| 001 | 54218 | ||
| 007 | ta | ||
| 008 | 20080529b un ||||| |||| 00| 0 ukr d | ||
| 090 |
_a323.2 (477) _bК83 |
||
| 942 | _cBK | ||
| 040 |
_aUA-OsUOA _bukr _cUA-OsUOA _dUA-OsUOA |
||
| 245 |
_aКроки до громадянського суспільства _bПостмайданове громадянське суспільство України: уроки для країни та світу |
||
| 300 | _a256 с. | ||
| 955 | _a2 | ||
| 041 | _aukr | ||
| 080 | _a323.2 (477) | ||
| 020 | _a966-8840-02-Х | ||
| 260 |
_aК. _c2006 |
||
| 650 | 7 |
_a32 Політика _2UDC |
|
| 999 |
_c340295 _d340295 |
||